Autocad 2009 in 2D and 3D : (Record no. 12882)
[ view plain ]
| 000 -LEADER | |
|---|---|
| fixed length control field | 01327cam a22003855a 4500 |
| 001 - CONTROL NUMBER | |
| control field | 15277046 |
| 005 - DATE AND TIME OF LATEST TRANSACTION | |
| control field | 20150823125445.0 |
| 006 - FIXED-LENGTH DATA ELEMENTS--ADDITIONAL MATERIAL CHARACTERISTICS--GENERAL INFORMATION | |
| fixed length control field | a||||fr|||| 00| 0 |
| 008 - FIXED-LENGTH DATA ELEMENTS--GENERAL INFORMATION | |
| fixed length control field | 080425t2009 n a frb 001 0 eng d |
| 010 ## - LIBRARY OF CONGRESS CONTROL NUMBER | |
| LC control number | 2008928003 |
| 020 ## - INTERNATIONAL STANDARD BOOK NUMBER | |
| International Standard Book Number | 9780138138769 |
| 020 ## - INTERNATIONAL STANDARD BOOK NUMBER | |
| International Standard Book Number | 0138138761 |
| 040 ## - CATALOGING SOURCE | |
| Original cataloging agency | DLC |
| Language of cataloging | eng |
| Transcribing agency | DLC |
| Modifying agency | DLC |
| -- | EG-ScBUE |
| 050 00 - LIBRARY OF CONGRESS CALL NUMBER | |
| Classification number | T385 |
| Item number | .R4943 2009 |
| 082 04 - DEWEY DECIMAL CLASSIFICATION NUMBER | |
| Classification number | 620.00420285536 |
| Item number | RIC |
| Edition number | 22 |
| 100 1# - MAIN ENTRY--PERSONAL NAME | |
| Personal name | Richard, Paul |
| Fuller form of name | (Paul Fritz) |
| 9 (RLIN) | 9241 |
| 245 10 - TITLE STATEMENT | |
| Title | Autocad 2009 in 2D and 3D : |
| Remainder of title | a modern perspective / |
| Statement of responsibility, etc | Paul Richard, Frank E. Puerta, Jim Fitzgerald. |
| 246 34 - VARYING FORM OF TITLE | |
| Title proper/short title | Autodesk design institute press |
| 260 ## - PUBLICATION, DISTRIBUTION, ETC. (IMPRINT) | |
| Place of publication, distribution, etc | Upper Saddle River : |
| -- | Columbus, Ohio : |
| Name of publisher, distributor, etc | Pearson / Prentice Hall, |
| Date of publication, distribution, etc | c.2009. |
| 300 ## - PHYSICAL DESCRIPTION | |
| Extent | xxi, 1368 p. : |
| Other physical details | ill. ; |
| Dimensions | 28 cm. + |
| Accompanying material | 1 CD-ROM (4 3/4 in.) |
| 490 0# - Series Statement | |
| Series statement | Autodesk Design Institute Press |
| 500 ## - GENERAL NOTE | |
| General note | Index : p. 1351-1368. |
| 500 ## - GENERAL NOTE | |
| General note | Glossary : p. 1347-1350. |
| 500 ## - GENERAL NOTE | |
| General note | Appendix : p.1289-1346 |
| 590 ## - LOCAL NOTE (RLIN) | |
| Local note | Menna Elemam |
| 630 00 - SUBJECT ADDED ENTRY--UNIFORM TITLE | |
| Uniform title | AutoCAD. |
| 9 (RLIN) | 9242 |
| 650 #0 - SUBJECT ADDED ENTRY--TOPICAL TERM | |
| Topical term or geographic name as entry element | Computer graphics. |
| 9 (RLIN) | 9243 |
| Source of heading or term | BUEsh |
| 650 #0 - SUBJECT ADDED ENTRY--TOPICAL TERM | |
| Topical term or geographic name as entry element | Three-dimensional display systems. |
| 9 (RLIN) | 9244 |
| Source of heading or term | BUEsh |
| 651 ## - SUBJECT ADDED ENTRY--GEOGRAPHIC NAME | |
| Source of heading or term | BUEsh |
| 653 ## - INDEX TERM--UNCONTROLLED | |
| Resource For college | Informatics and Computer Science |
| Arrived date list | August2015 |
| 655 ## - INDEX TERM--GENRE/FORM | |
| Form subdivision | |
| -- | 33728 |
| 700 1# - ADDED ENTRY--PERSONAL NAME | |
| Personal name | Puerta, Frank E. |
| 9 (RLIN) | 9245 |
| 700 1# - ADDED ENTRY--PERSONAL NAME | |
| Personal name | Fitzgerald, Jim, |
| Dates associated with a name | 1964- |
| 9 (RLIN) | 9246 |
| 942 ## - ADDED ENTRY ELEMENTS (KOHA) | |
| Source of classification or shelving scheme | Dewey Decimal Classification |
| Item type | Book - Borrowing |
| Call number prefix | 620.00420285536 RIC |
| Withdrawn status | Item status | Source of classification or shelving scheme | Damaged status | Not for loan | Vendor | Home library | Current library | Shelving location | Date acquired | Source of acquisition | Cost, normal purchase price | Total Checkouts | Full call number | Barcode | Date last seen | Date last borrowed | Cost, replacement price | Koha item type | Materials specified (bound volume or other part) | Total Renewals |
|---|---|---|---|---|---|---|---|---|---|---|---|---|---|---|---|---|---|---|---|---|
| Dewey Decimal Classification | Baccah | Central Library | Central Library | First floor | 09/11/2009 | 180.00 | 1 | 620.00420285536 RIC | 000018949 | 15/07/2025 | 29/09/2013 | 225.00 | NB - Book (Non borrowing) | |||||||
| Dewey Decimal Classification | Baccah | Central Library | Central Library | First floor | 09/11/2009 | 180.00 | 1 | 620.00420285536 RIC | 000018948 | 15/07/2025 | 29/09/2013 | 225.00 | Book - Borrowing | |||||||
| Dewey Decimal Classification | Baccah | Central Library | Central Library | First floor | 09/11/2009 | 180.00 | 620.00420285536 RIC | 000019048 | 24/08/2022 | 225.00 | CD | DVD - With book | Lost In Inventory_2015-8-23 | ||||||||
| Dewey Decimal Classification | Baccah | Central Library | Central Library | First floor | 09/11/2009 | 180.00 | 620.00420285536 RIC | 000018967 | 24/08/2022 | 225.00 | CD | DVD - With book | |||||||||
| Dewey Decimal Classification | Baccah | Central Library | Central Library | First floor | 23/09/2010 | 180.00 | 2 | 620.00420285536 RIC | 000021511 | 15/07/2025 | 24/09/2013 | 225.00 | Book - Borrowing | 26 | ||||||
| Dewey Decimal Classification | Baccah | Central Library | Central Library | First floor | 23/09/2010 | 180.00 | 1 | 620.00420285536 RIC | 000021509 | 15/07/2025 | 25/09/2013 | 225.00 | Book - Borrowing | 15 | ||||||
| Dewey Decimal Classification | Baccah | Central Library | Central Library | First floor | 23/09/2010 | 180.00 | 2 | 620.00420285536 RIC | 000021510 | 15/07/2025 | 19/09/2013 | 225.00 | Book - Borrowing | |||||||
| Dewey Decimal Classification | Baccah | Central Library | Central Library | First floor | 23/09/2010 | 180.00 | 620.00420285536 RIC | 000021859 | 24/08/2022 | 225.00 | CD | DVD - With book | Lost In Inventory_2015-8-23 | ||||||||
| Dewey Decimal Classification | Baccah | Central Library | Central Library | First floor | 23/09/2010 | 180.00 | 620.00420285536 RIC | 000021860 | 24/08/2022 | 225.00 | CD | DVD - With book | Lost In Inventory_2015-8-23 | ||||||||
| Dewey Decimal Classification | Baccah | Central Library | Central Library | First floor | 23/09/2010 | 180.00 | 620.00420285536 RIC | 000021861 | 24/08/2022 | 225.00 | CD | DVD - With book (NB) | |||||||||
| Dewey Decimal Classification | Baccah | Central Library | Central Library | First floor | 04/12/2013 | 620.00420285536 RIC | 000029684 | 15/07/2025 | Book - Borrowing |